Т. 155 : Кн. 5; Ученые записки Казанского университета

Λεπτομέρειες βιβλιογραφικής εγγραφής
Parent link:Ученые записки Казанского университета: [сборник научных трудов]/ Казанский государственный университет (КГУ). Т. 155 : Кн. 5.— , 1909-
Γλώσσα:Ρωσικά
Έκδοση: 2013
Σειρά:Гуманитарные науки
Θέματα:
Μορφή: MixedMaterials Βιβλίο
KOHA link:https://koha.lib.tpu.ru/cgi-bin/koha/opac-detail.pl?biblionumber=278042

MARC

LEADER 00000nam2a2200000 4500
001 278042
005 20231101235056.0
035 |a (RuTPU)RU\TPU\book\301319 
035 |a RU\TPU\book\301317 
035 |a RU\TPU\book\283220 
090 |a 278042 
100 |a 20141208d2013 k y0rusy50 ca 
101 0 |a rus 
102 |a RU 
105 |a y z 001zy 
200 0 |a Т. 155 : Кн. 5 
210 |d 2013 
215 |a 316 с. 
225 1 |a Гуманитарные науки 
320 |a Библиогр. в конце ст. 
461 1 |0 (RuTPU)RU\TPU\book\283219  |t Ученые записки Казанского университета  |o [сборник научных трудов]  |f Казанский государственный университет (КГУ)  |v Т. 155 : Кн. 5  |d 1909-  
606 1 |a Гуманитарные науки  |2 stltpush  |3 (RuTPU)RU\TPU\subj\67345  |9 83188 
610 1 |a лингвистика 
610 1 |a историческое языкознание 
610 1 |a сопоставительное языкознание 
610 1 |a дериватология 
610 1 |a семантика 
610 1 |a прагматика 
610 1 |a прикладная лингвистика 
610 1 |a фразеология 
610 1 |a метаязыки 
610 1 |a русские говоры 
610 1 |a грамматика 
610 1 |a русский язык 
610 1 |a тюркские языки 
610 1 |a татарский язык 
610 1 |a синонимия 
610 1 |a русская литература 
610 1 |a словообразование 
686 |a С  |v LBC/SL-A  |2 rubbk 
801 1 |a RU  |b 63413507  |c 20140514 
801 2 |a RU  |b 63413507  |c 20141210  |g RCR 
942 |c BK